wich country is... - Statistics

General Stats
  • This quiz has been taken 24 times
  • The average score is 6 of 10
Answer Stats
Question Answer % Correct
wich country borders germany
80%
wich country is richer by hdi
80%
wich is the bigger country
70%
wich country is richer (by gdp)
70%
wich country is in africa
70%
wich country is more populated
50%
wich country is more southern
50%
wich country is more democratic
50%
wich country is hotter
30%
wich country is stronger by military
20%
No matching quizzes found
Score Distribution
Percent of People with Each Score
Percentile by Number Answered
Your Score History
You have not taken this quiz